000 00793cam a2200289 i 4500
001 000008867
003 DO-SdBNP
005 20250425133340.0
007 ta
008 250425s2005 cu 000 f spa d
020 _a9590607152
040 _aDO-SdBNP
_bspa
_cBNPHU
_erda
041 _hspa
082 _axxx
_bA162i
_222
100 1 _aAbreu Cardet, José
_eautor
_923419
245 1 0 _aIntroducción a las armas :
_bla guerra de 1868 en Cuba /
_cJosé Abreu Cardet
264 _aLa Habana :
_bCiencias Sociales.
_c2005
300 _a226 p. ;
_c24 cm.
336 _ardacontent
_btexto
_2txt
337 _ardamedia
_bsin mediación
_2n
338 _ardacarrier
_bvolumen
_2nc
590 _aInventariado,2025/DG
650 4 _92316
650 _91483
910 _aDG
942 _2ddc
_cLBS1
999 _c58812
_d58812